01794nam a2200409 a 4500001001000000003000500010005001700015008004100032010001100073011001100084040000900095090001000104100004400114245025500158260004100413500006000454502008600514590004100600590004100641590003700682590004000719590004000759650003700799650003500836650002700871650002900898650003300927700005000960856001601010856007001026901000701096942000701103942000601110999001901116952012701135952012201262000108719CHAP20220329144022.0140305s2012 mx sm |||||||spa d a105181 a106153 cCHAP aTesis1 aAcosta Hernández, Dulce Arely912575910aEstudio de factibilidad técnico-económico para la instalación de una planta procesadora de nopal (Opuntia ficus-indica Var. Atlixco) en Salmuera en el municipio de Cuatepec de Hinojosa, Hidalgoh[En línea]cpor Dulce Arely Acosta Hernández. aChapingo, Méx. :bEl autor,c2012. aPara ver el contenido del material haga clic en la liga aTesis (Ing. Agroindustrial ) -- UACH. Departamento de Ingeniería Agroindustrial aBATCH-UPDb05c20140324lUCH01h1536 aBATCH-UPDb05c20141002lUCH01h0857 aBATCHb00c20181121lUCH01h0758 aE6096MTMb05c20140305lUCH01h1426 aE6096MTMb05c20140305lUCH01h142614aEstudios de factibilidad.93852014aIndustrias agrícolas.95792514aNopalxHidalgo.98167414aNopalxIndustria.98167614aPlantas industriales.9890091 aCarrasco Castelán, Víctor Alfonso9125760 a1 n0000029 aFinding aiduhttp://10.13.5.2/tesis/sist108719.pdfzTeclea aquí aBK cCD n0 c105181d105181 00102local4051708TESISaBCbBCd2014-03-05fTESISl0oTesisp33724002356538r2019-12-31 00:00:00tc.2w2014-03-05yCD 00102local4051708TESISaBCbBCd2014-03-05fTESISl0oTesisp33724002356579r2019-12-31 00:00:00w2014-03-05yCD